000 00466cam a2200205ua 4500
001 8749
005 20260515114355.0
008 150213n ii |||gr||||Z||||||eng
040 _cMAIN
041 _aeng
082 _a822.33
100 _aLahiri, J.,
_eAuthor.
245 1 _aJulius Caesar
_cBy J. Lahiri
250 _a1st.
260 _aAgra:
_bLakshmi,
_c2001.
300 _a412p.
653 _aEnglish drama
700 _aMathur, S. S.,
_eAuthor.
942 _cBK
999 _c7840
_d7840